Built by Japan (Record no. 94762)

MARC details
000 -LEADER
fixed length control field 00758cam a2200229 4500
008 - FIXED-LENGTH DATA ELEMENTS--GENERAL INFORMATION
fixed length control field 090401t1988 xxu||||| |||| 00| 0 eng d
020 ## - INTERNATIONAL STANDARD BOOK NUMBER
International Standard Book Number 0471632546
035 ## - SYSTEM CONTROL NUMBER
System control number (Sirsi) u65450
041 ## - LANGUAGE CODE
Language code of text/sound track or separate title eng
050 ## - LIBRARY OF CONGRESS CALL NUMBER
Classification number 338.43690952
-- 18
245 ## - TITLE STATEMENT
Title Built by Japan
Remainder of title competitive strategies of the Japanese construction industry
260 ## - PUBLICATION, DISTRIBUTION, ETC.
Place of publication, distribution, etc. New York
Name of publisher, distributor, etc. Wiley
Date of publication, distribution, etc. 1988
300 ## - PHYSICAL DESCRIPTION
Extent xiv, 205p.
Other physical details ill.
Dimensions 24cm.
350 ## - PRICE (NR) (BK AM CF MU VM SE) [OBSOLETE]
Price 37.35
520 ## - SUMMARY, ETC.
Summary, etc. Explains the history of the Japanese construction industry and the strategies that they have used to gain a greater shared of the market.
650 ## - SUBJECT ADDED ENTRY--TOPICAL TERM
Topical term or geographic name entry element JAPAN
690 ## - LOCAL SUBJECT ADDED ENTRY--TOPICAL TERM (OCLC, RLIN)
Topical term or geographic name as entry element Construction management
9 (RLIN) 6230
700 ## - ADDED ENTRY--PERSONAL NAME
Personal name Hasegawa, Fumio
International Standard Serial Number Editor
710 ## - ADDED ENTRY--CORPORATE NAME
Corporate name or jurisdiction name as entry element Shimizu Group FS
9 (RLIN) 2090
942 ## - ADDED ENTRY ELEMENTS (KOHA)
Suppress in OPAC 0
948 ## - LOCAL PROCESSING INFORMATION (OCLC); SERIES PART DESIGNATOR (RLIN)
c (OCLC) 04/03/1997
Holdings
Withdrawn status Lost status Source of classification or shelving scheme Damaged status Not for loan Home library Current library Shelving location Date acquired Cost, normal purchase price Total Checkouts Full call number Barcode Date last seen Copy number Cost, replacement price Price effective from Koha item type
    Dewey Decimal Classification     London London Books 10/12/1993 37.35   338.43690952 HAS 30040253 06/08/2019 1 37.35 06/08/2019 Book